Champions d'Allemagne de l'Est de football - Statistiques

Statistiques générales
  • Ce quiz a été pris 15 fois
  • Le résultat moyen est 4 sur 12
Statistiques - réponses
Date Champion % Correct
1953 Dynamo Dresden
83%
1951 Chemie Leipzig
75%
1972 1. FC Magdeburg
58%
1979 BFC Dynamo
50%
1963 Carl Zeiss Jena
50%
1990 Hansa Rostock
50%
1954 Rot-Weiß Erfurt
33%
1952 Turbine Halle
25%
1967 FC Karl-Marx Stadt
8%
1950 FSV Zwickau
0%
1958 Vorwärts Berlin
0%
1956 Wismut Karl-Marx-Stadt
0%
Aucun quiz correspondant
Distribution des résultats
% des personnes avec chaque résultat
Percentile par nombre de réponses
Votre historique - résultats
Vous n’avez pas pris ce quiz